=LDR 00000nam 2200000 4500 =001 INLIS000000000012370 =005 20130612103911 =008 ***********************************Ind** =035 ##$$0010-061300000012370 =041 ##$$a Ind =082 ##$$a 658.658 =090 ##$$a 658.658, Bat p =100 ##$$a Battersby, albert =245 ##$$a Penuntun pengendalian persediaan, Albert Battersby ; Penerjemah Magdalina A yamin =260 ##$$a 1976 $b Jakarta =300 ##$$a xiii, 214 hlm., Ilus, 21 cm =650 ##$$a Manajemen perusahaan =700 ##$$a Yamin, Mangdalina A =850 ##$$a NBPNMAT